| 000 | 01215cam a22002054a 4500 | ||
|---|---|---|---|
| 005 | 20250605163952.0 | ||
| 008 | 250528s ||||||||||||||||||||||||d | ||
| 035 | _a15413 | ||
| 020 | _a155834525 | ||
| 040 |
_aGR-AtMCL _bgre _dGR-AtMCL _eAACR2 |
||
| 245 | 1 | _aStatistical Analysis for Decision Making / Third Edition | |
| 250 | _a3rd | ||
| 260 |
_bHarcourt Brace Jovanovich, Publishers, _c1983 |
||
| 300 | _a844 | ||
| 520 | _aPreface, Introduction, Frequency Distributions and Summary Measures, Introduction to Probability, Discrete Random Variables and Probability Distributions, Statistical Investigations and Sampling, Sampling Distributions, Estimation, Hypothesis Testing Chi-Square Tests and Analysis of Variance, Regression and Correlation Analysis, Multiple Regression and Correlation Analysis, Time Series, Index Numbers, Nonparametric Statistics, Decision Making Using Prior Information, Decision Making Using Both Prior and Sample Information, Devising Optimal Strategies Prior to Sampling, Comparison of Classical and Bayesian Statistics, Bibliography, Appendices, Solutions to Odd-Numbered Exercises, Index. | ||
| 700 | 1 |
_aHamburg Morris _91336 |
|
| 942 | _cBK | ||
| 999 |
_c995 _d995 |
||